Welcome to CU Library Online Public Access Catalogue (OPAC)

"WHEN SILENCE IS NO LONGER AN OPTION" (Record no. 7336)

MARC details
000 -LEADER
fixed length control field 00389nam a22001337a 4500
005 - DATE AND TIME OF LATEST TRANSACTION
control field 20250822133650.0
008 - FIXED-LENGTH DATA ELEMENTS--GENERAL INFORMATION
fixed length control field 250822b |||||||| |||| 00| 0 eng d
020 ## - INTERNATIONAL STANDARD BOOK NUMBER
International Standard Book Number 9988609833
050 ## - LIBRARY OF CONGRESS CALL NUMBER
Classification number BL 65
Item number .C8 CIR
245 ## - TITLE STATEMENT
Title "WHEN SILENCE IS NO LONGER AN OPTION"
Statement of responsibility, etc. Edited by ELIZABETH AMOAH & MERCY AMBA ODUYOYE
260 ## - PUBLICATION, DISTRIBUTION, ETC.
Place of publication, distribution, etc. ACCRA
Name of publisher, distributor, etc. SAM-WOODE LTD
Date of publication, distribution, etc. c2002
300 ## - PHYSICAL DESCRIPTION
Extent 156p.;
942 ## - ADDED ENTRY ELEMENTS (KOHA)
Source of classification or shelving scheme Library of Congress Classification
Koha item type Books
Suppress in OPAC No
999 ## -
-- 7336
-- 7336
Holdings
Withdrawn status Lost status Source of classification or shelving scheme Damaged status Not for loan Collection Home library Current library Shelving location Date acquired Total checkouts Full call number Barcode Date last seen Copy number Price effective from Koha item type
    Library of Congress Classification     Non-fiction Undergraduate Library (Christ Temple) Undergraduate Library (Christ Temple) General stacks 08/22/2025   BL 65.C8 CIR ulct00004421 08/22/2025 1 08/22/2025 Books
    Library of Congress Classification     Non-fiction Undergraduate Library (Christ Temple) Undergraduate Library (Christ Temple) General stacks 08/22/2025   BL 65.C8 CIR ulct00004422 08/22/2025 2 08/22/2025 Books
    Library of Congress Classification     Non-fiction Undergraduate Library (Christ Temple) Undergraduate Library (Christ Temple) General stacks 08/22/2025   BL 65.C8 CIR ulct00004423 08/22/2025 3 08/22/2025 Books
    Library of Congress Classification     Non-fiction Undergraduate Library (Christ Temple) Undergraduate Library (Christ Temple) General stacks 08/22/2025   BL 65.C8 CIR ulct00004424 08/22/2025 4 08/22/2025 Books
© 2023-2024 Copyright: Central University Libraries. All Rights Reserved | Created by: Mahone Tech Office